00284 a2200109 450000500170000002000220001708200150003910000150005424500260006926000370009530000420013220250613085227.0 a978-0-07-340398-4 a658.15 WIL aWILD, J. J aManagerial Accounting aBostonbMcGraw-Hill Irwinc2007. axxi, 491p.bGlossary and Indexc28 cm